Powiaty województwa kieleckiego w 1968 roku na mapie - Statystyki

Ogólne statystyki
  • Ten quiz został rozwiązany 33 razy
    21 od ostatniego zresetowania
  • Średni wynik to 19 z 24
Odpowiedzi na mapie
Odpowiedzi zakodowano w zielono-czerwonej skali na mapie do tego quizu, zgodnie z poniższymi procentami.
 
Statystyki odpowiedzi
Powiat % Poprawnych
kielecki
100%
Miasto {Kielce}
100%
jędrzejowski
95%
Miasto {Radom}
95%
radomski
95%
włoszczowski
95%
buski
90%
Miasto {Ostrowiec Świętokrzyski}
90%
Miasto {Skarżysko-Kamienna}
90%
sandomierski
90%
konecki
85%
opatowski
85%
pińczowski
85%
staszowski
85%
Miasto {Starachowice}
80%
kazimierski
75%
szydłowiecki
75%
przysuski
70%
lipski
60%
opoczyński
60%
białobrzeski
55%
kozienicki
55%
zwoleński
55%
iłżecki
35%
Nie znaleziono quizów pasujących do podanych kryteriów
Rozkład punktacji
Procent ludzi z każdym wynikiem
Percentyl według liczby udzielonych odpowiedzi
Twoja historia wyników
Nie rozwiązałeś tego quizu od ostatniego zresetowania